000 00337nam a2200133Ia 4500
005 20260328104246.0
008 260328s9999||||xx |||||||||||||| ||und||
100 _aSmith, Valene L.
245 0 _aHosts and Guests /
_cValene L. Smith
260 _bUniversity of Pennsylvania Press
300 _a341 p.
650 _aTEORÍA
942 _cBK
999 _c10068
_d10068